「西」を含む市区町村 - Statistics

General Stats
  • This quiz has been taken 527 times
  • The average score is 20 of 31
Answer Stats
Hint Answer % Correct
東京都 西東京市
91%
兵庫県 西宮市
82%
静岡県 西伊豆町
81%
兵庫県 加西市
80%
静岡県 湖西市
77%
愛媛県 西条市
73%
愛知県 愛西市
71%
兵庫県 川西市
71%
千葉県 印西市
70%
長崎県 西海市
70%
愛知県 西尾市
69%
茨城県 筑西市
68%
愛媛県 西予市
66%
宮崎県 西都市
65%
福島県 西会津町
64%
山形県 西川町
63%
鹿児島県 西之表市
62%
山形県 川西町
59%
奈良県 川西町
59%
兵庫県 西脇市
59%
北海道 西興部村
56%
青森県 西目屋村
56%
岩手県 西和賀町
56%
福島県 西郷村
54%
岡山県 西粟倉村
53%
島根県 西ノ島町
49%
沖縄県 西原町
49%
山梨県 西桂町
47%
宮崎県 西米良村
46%
高知県 芸西村
45%
熊本県 西原村
43%
No matching quizzes found
Score Distribution
Percent of People with Each Score
Percentile by Number Answered
Your Score History
You have not taken this quiz